| 000 | 00624nam a22002297a 4500 | ||
|---|---|---|---|
| 003 | dpl | ||
| 005 | 20180908110105.0 | ||
| 008 | 180908b xxu||||| |||| 00| 0 eng d | ||
| 010 | _aB-132859 | ||
| 020 |
_a9780143030478 _c325.00 |
||
| 035 | _aB-132859 | ||
| 040 |
_aDPL _bEN _c0 |
||
| 082 |
_aS _bTUL |
||
| 100 | _aTully, Mark | ||
| 245 |
_aIndia in slow motion / _cby Mark Tully and Gillain Wright |
||
| 250 | _a2002 | ||
| 260 |
_aNew Delhi _bPenguin Books |
||
| 270 |
_a11 Community Center , Panchhsherl Park _bNew Delhi |
||
| 300 |
_a302p.; _c22cm |
||
| 700 | _aWright, Gilian | ||
| 942 |
_2ddc _cEN _hs _mTUL |
||
| 999 |
_c157176 _d157176 |
||